Mandarin Chinese Phrase Book (Record no. 2232)

000 -LEADER
fixed length control field 00532nam a22002057a 4500
003 - CONTROL NUMBER IDENTIFIER
control field OSt
005 - DATE AND TIME OF LATEST TRANSACTION
control field 20210427062632.0
008 - FIXED-LENGTH DATA ELEMENTS--GENERAL INFORMATION
fixed length control field 210313s2003 ||||| |||| 00| 0 eng d
020 ## - INTERNATIONAL STANDARD BOOK NUMBER
International Standard Book Number 2831565651
040 ## - CATALOGING SOURCE
Original cataloging agency eng
Language of cataloging eng
Transcribing agency DLC
041 ## - LANGUAGE CODE
Language code of text/sound track or separate title eng
-- chi
080 ## - UNIVERSAL DECIMAL CLASSIFICATION NUMBER
Universal Decimal Classification number 811-3
Item number M-24
245 ## - TITLE STATEMENT
Title Mandarin Chinese Phrase Book
Statement of responsibility, etc. / by: Berlitz Publishing
260 ## - PUBLICATION, DISTRIBUTION, ETC.
Place of publication, distribution, etc. Singapore
Name of publisher, distributor, etc. Berlitz Publishing
Date of publication, distribution, etc. 2003
300 ## - PHYSICAL DESCRIPTION
Extent 224 p.
365 ## - TRADE PRICE
Price amount 8.95 usd
650 #0 - SUBJECT ADDED ENTRY--TOPICAL TERM
9 (RLIN) 452
Topical term or geographic name entry element Dictionary
653 ## - INDEX TERM--UNCONTROLLED
Uncontrolled term ლექსიკონი
942 ## - ADDED ENTRY ELEMENTS (KOHA)
Source of classification or shelving scheme
Koha item type Books
Holdings
Withdrawn status Lost status Source of classification or shelving scheme Damaged status Not for loan Permanent location Current location Date acquired Inventory number Total Checkouts Full call number Barcode Date last seen Price effective from Koha item type
          Ken Walker International University Ken Walker International University 03/13/2021 2007   811-3 M-24 2007 03/13/2021 03/13/2021 Books

Powered by Koha